ბათუმის შოთა რუსთაველის სახელმწიფო უნივერსიტეტის ბიბლიოთეკა

გამოთვლის მეთოდებისა და პროგრამირების პრაქტიკული სახ-ლო : (ბიბ.ჩანაწერი № 38867)

000 -ლიდერი
ფიქსირებული სიგრძის საკონტროლო ველი 01156nam a2200241Ia 4500
001 - საკონტროლო ნომერი
საკონტროლო ველი 5280
003 - საკონტროლო ნომრის იდენტიფიკატორი
საკონტროლო ველი GE_BSU
005 - ბოლო ოპერაციის თარიღი და დრო
საკონტროლო ველი 20190602004927.0
008 - ფიქსირებული სიგრძის მონაცემთა ელემენტები - ზოგადი ინფორმაცია
ფიქსირებული სიგრძის საკონტროლო ველი 181216s1990||||ge |||||||||||||| ||geo||
040 ## - კატალოგიზაციის წყარო
Transcribing agency GE_BSU
041 ## - ენის კოდი
Language code of text/sound track or separate title geo
080 ## - უნივერსალური ათობითი კლასიფიკაციის ინდექსი
Universal Decimal Classification number 004.43(076.5) ა-80
100 ## - მთავარი ჩანაწერი - პიროვნების სახელი
Personal name ნ. ართმელაძე
9 (RLIN) 1950
245 ## - ცნობა სათაურის შესახებ
Title გამოთვლის მეთოდებისა და პროგრამირების პრაქტიკული სახ-ლო :
Remainder of title სახელმძღვ. /
Statement of responsibility, etc ნ. ართმელაძე, თ. კოხია, ო. მელაძე ; რედ. რ. დანელია.
264 ## - წარმოების, გამოცემის, დისტრიბუციის და სხვა ცნობები
გამოცემის, წარმოების, დისტრიბუციის... ადგილი თბილისი :
გამოცემის, წარმოების, დისტრიბუციის... სახელწოდება განათლება,
გამოცემის, წარმოების, დისტრიბუციის... თარიღი 1990.
300 ## - ფიზიკური აღწერა
Extent 348 გვ. ;
Dimensions 22 სმ.
504 ## - BIBLIOGRAPHY, ETC. NOTE
Bibliography, etc ბიბლიოგრ. გვ.347.
653 ## - INDEX TERM--UNCONTROLLED
Uncontrolled term გამოთვლის მეთოდები და პროგრამირება
700 ## - ADDED ENTRY--PERSONAL NAME
Personal name კოხია, თ.
Relator term ავტორი
9 (RLIN) 1951
700 ## - ADDED ENTRY--PERSONAL NAME
Personal name მელაძე, ო.
Relator term ავტორი
9 (RLIN) 1952
700 ## - ADDED ENTRY--PERSONAL NAME
Personal name დანელია, ო.
Relator term რედაქტორი
9 (RLIN) 1953
942 ## - ADDED ENTRY ELEMENTS (KOHA)
Koha item type წიგნი
Source of classification or shelving scheme
ეგზემპლარები
ჩამოწერის სტატუსი დაკარგული ეგზემპლარის სტატუსი კლასიფიკაციის წყარო ან თაროზე გაწყობის სქემა დაზიანების სტატუსი არ გაიცემა მუდმივი მდებარეობა (დაცვის ადგილი) ამჟამინდელი ადგილსამყოფელი თაროზე განთავსების ადგილი შეძენის თარიღი ღირებულება, შესყიდვის ნორმალური ფასი სრული შენახვის შიფრი შტრიხკოდი ბოლო ოპერაციის თარიღი ეგზემპლარის მიმდევრობითი ნომერი (კეტერი?) ფასის ძალაში შესვლის თარიღი ეგზემპლარის სახეობა საჯარო შენიშვნა
          ტექნოლოგიური ფაკულტეტის ბიბლიოთეკა ტექნოლოგიური ფაკულტეტის ბიბლიოთეკა წიგნსაცავი 2018-12-17 6.00 004.43(076.5) ა-80 12069 2018-12-17 12069 2018-12-17 წიგნი 6.00 ლ.
          ტექნოლოგიური ფაკულტეტის ბიბლიოთეკა ტექნოლოგიური ფაკულტეტის ბიბლიოთეკა წიგნსაცავი 2018-12-17 6.00 004.43(076.5) ა-80 12070 2018-12-17 12070 2018-12-17 წიგნი 6.00 ლ.